[Event "Voronezh Winter Rating op"]
[Site "Voronezh"]
[Date "2015.01.22"]
[Round "4"]
[White "Shestakova, Ekaterina"]
[Black "Kolesnikov, Roman"]
[Result "1/2-1/2"]
[WhiteElo "1430"]
[BlackElo "1761"]
[PlyCount "125"]
[EventDate "2015.01.17"]
[EventType "swiss"]
[EventRounds "9"]
[EventCountry "RUS"]
[SourceTitle "EXT 2017"]
[Source "ChessBase"]
[SourceDate "2016.10.25"]
[SourceVersion "1"]
[SourceVersionDate "2016.10.25"]
[SourceQuality "1"]

1. e4 c6 2. d4 d5 3. exd5 cxd5 4. c4 Nc6 5. Nf3 Bg4 6. Be3 Nf6 7. c5 Ne4 8. Nbd2 e5 9. dxe5 Nxe5 10. Nxe4 Bxf3 11. gxf3 dxe4 12. Qxd8+ Rxd8 13. Bb5+ Ke7 14. fxe4 Kf6 15. h4 Nf3+ 16. Ke2 Nd4+ 17. Bxd4+ Rxd4 18. Bd3 Bxc5 19. Rac1 Bb6 20. Rc4 Rxc4 21. Bxc4 Rc8 22. b3 Rc5 23. Rd1 Ke7 24. Rd5 Rc6 25. f4 Rf6 26. Kf3 Bc7 27. Rf5 Rxf5 28. exf5 h5 29. Be2 Kf6 30. Ke4 g6 31. fxg6 fxg6 32. Bb5 Ba5 33. Bd7 Be1 34. Bc8 b6 35. Kd5 Bxh4 36. Ke4 a5 37. Bd7 Be1 38. Bh3 Bf2 39. Bd7 h4 40. Bh3 b5 41. Bd7 b4 42. Bh3 Bg1 43. Bd7 g5 44. fxg5+ Kxg5 45. Kf3 Bc5 46. Bh3 Be7 47. Bc8 Bd6 48. Bh3 Bg3 49. Bd7 Kf6 50. Ke4 Ke7 51. Bh3 Kd6 52. Kd4 Be5+ 53. Ke4 Bg3 54. Kd4 Kc6 55. Ke4 Kb6 56. Kd4 Bd6 57. Ke4 a4 58. bxa4 Ka5 59. Bd7 Be7 60. Kd5 h3 61. Bxh3 Kxa4 62. Bf1 Ka3 63. Bc4 1/2-1/2